000
00214 a2200097 4500
001
47280
100
_a
Colvin, I
245
_a
Chief of Intelligence
260
_a
London
_b
Victor Gollancz
_c
090
_c
30322
_d
30322
942
_a
NUST-CAE
_c
M
_c
22584
999
_c
282353
_d
282353